<?xml version="1.0" encoding="UTF-8"?>
<record
    xmlns:xsi="http://www.w3.org/2001/XMLSchema-instance"
    xsi:schemaLocation="http://www.loc.gov/MARC21/slim http://www.loc.gov/standards/marcxml/schema/MARC21slim.xsd"
    xmlns="http://www.loc.gov/MARC21/slim">

  <leader>01261nam a22001697a 4500</leader>
  <controlfield tag="008">110830t        xxu||||| |||| 00| 0 eng d</controlfield>
  <datafield tag="020" ind1=" " ind2=" ">
    <subfield code="a">0075536552 9780075536550</subfield>
  </datafield>
  <datafield tag="050" ind1=" " ind2=" ">
    <subfield code="a">B2908 .F7  </subfield>
  </datafield>
  <datafield tag="100" ind1=" " ind2=" ">
    <subfield code="a">Friedrich, Carl J. </subfield>
    <subfield code="q">Carl Joachim Friedrich</subfield>
  </datafield>
  <datafield tag="245" ind1=" " ind2=" ">
    <subfield code="a">The philosophy of Hegel </subfield>
    <subfield code="c">Carl J. Friedrich, </subfield>
  </datafield>
  <datafield tag="260" ind1=" " ind2=" ">
    <subfield code="a">New York </subfield>
    <subfield code="b">Modern Library</subfield>
    <subfield code="c">c1954.</subfield>
  </datafield>
  <datafield tag="300" ind1=" " ind2=" ">
    <subfield code="a">lxiv, 552 p. </subfield>
    <subfield code="c">19 cm</subfield>
  </datafield>
  <datafield tag="500" ind1=" " ind2=" ">
    <subfield code="a">Includes bibliographical references </subfield>
  </datafield>
  <datafield tag="505" ind1=" " ind2=" ">
    <subfield code="a">Contents: Preface -- I. The Philosophy of history (published posthumously,delivered first in 1822), translated by Carl J. Friedrich and Paul W. Freiedrich -- II. The History of philosophy (1805), translated by Carl J. Friedrich -- III. The Science of logic (1812, 1813, 1816), translated by W.H. Johnson and L.G. Struthers -- IV. Philosophy of right and law, or natural law and political science outlined (1821), translated by J.M. Sterrett and Carl J. Friedrich -- Lectures on aesthetics (published posthumously, delivered first in 1818 at Heidelberg), translated by B. Bosanquet  and W.M. Bryant -- VI. The Phenomenology of the spirit (1807), translated by J.B. Baillie,revised by Carl J. Friedrich -- VII. Political essays </subfield>
  </datafield>
  <datafield tag="650" ind1=" " ind2=" ">
    <subfield code="a">Hegel, Georg Wilhelm Friedrich </subfield>
    <subfield code="x">1770-1831</subfield>
  </datafield>
  <datafield tag="942" ind1=" " ind2=" ">
    <subfield code="2">lcc</subfield>
    <subfield code="c">BK</subfield>
  </datafield>
  <datafield tag="999" ind1=" " ind2=" ">
    <subfield code="c">47</subfield>
    <subfield code="d">7547</subfield>
  </datafield>
  <datafield tag="952" ind1=" " ind2=" ">
    <subfield code="0">0</subfield>
    <subfield code="1">0</subfield>
    <subfield code="2">lcc</subfield>
    <subfield code="4">0</subfield>
    <subfield code="7">0</subfield>
    <subfield code="a">WIUC-1</subfield>
    <subfield code="b">WIUC-1</subfield>
    <subfield code="c">GEN</subfield>
    <subfield code="d">2011-08-30</subfield>
    <subfield code="l">0</subfield>
    <subfield code="o">B2908 .F7</subfield>
    <subfield code="p">102/11</subfield>
    <subfield code="r">2011-08-30 00:00:00</subfield>
    <subfield code="t">1</subfield>
    <subfield code="w">2011-08-30</subfield>
    <subfield code="y">BK</subfield>
  </datafield>
  <datafield tag="952" ind1=" " ind2=" ">
    <subfield code="0">0</subfield>
    <subfield code="1">0</subfield>
    <subfield code="2">lcc</subfield>
    <subfield code="4">0</subfield>
    <subfield code="7">0</subfield>
    <subfield code="a">WIUC-1</subfield>
    <subfield code="b">WIUC-1</subfield>
    <subfield code="c">GEN</subfield>
    <subfield code="d">2011-08-30</subfield>
    <subfield code="l">0</subfield>
    <subfield code="o">B2908 .F711</subfield>
    <subfield code="p">103/11</subfield>
    <subfield code="r">2011-08-30 00:00:00</subfield>
    <subfield code="t">2</subfield>
    <subfield code="w">2011-08-30</subfield>
    <subfield code="y">BK</subfield>
  </datafield>
  <datafield tag="952" ind1=" " ind2=" ">
    <subfield code="0">0</subfield>
    <subfield code="1">0</subfield>
    <subfield code="2">lcc</subfield>
    <subfield code="4">0</subfield>
    <subfield code="7">0</subfield>
    <subfield code="a">WIUC-1</subfield>
    <subfield code="b">WIUC-1</subfield>
    <subfield code="c">GEN</subfield>
    <subfield code="d">2011-08-30</subfield>
    <subfield code="l">0</subfield>
    <subfield code="o">B2908 .F712</subfield>
    <subfield code="p">104/11</subfield>
    <subfield code="r">2011-08-30 00:00:00</subfield>
    <subfield code="t">3</subfield>
    <subfield code="w">2011-08-30</subfield>
    <subfield code="y">BK</subfield>
  </datafield>
  <datafield tag="952" ind1=" " ind2=" ">
    <subfield code="0">0</subfield>
    <subfield code="1">0</subfield>
    <subfield code="2">lcc</subfield>
    <subfield code="4">0</subfield>
    <subfield code="7">0</subfield>
    <subfield code="a">WIUC-1</subfield>
    <subfield code="b">WIUC-1</subfield>
    <subfield code="c">GEN</subfield>
    <subfield code="d">2011-08-30</subfield>
    <subfield code="l">0</subfield>
    <subfield code="o">B2908 .F713</subfield>
    <subfield code="p">105/11</subfield>
    <subfield code="r">2011-08-30 00:00:00</subfield>
    <subfield code="t">4</subfield>
    <subfield code="w">2011-08-30</subfield>
    <subfield code="y">BK</subfield>
  </datafield>
  <datafield tag="952" ind1=" " ind2=" ">
    <subfield code="0">0</subfield>
    <subfield code="1">0</subfield>
    <subfield code="2">lcc</subfield>
    <subfield code="4">0</subfield>
    <subfield code="7">0</subfield>
    <subfield code="a">WIUC-1</subfield>
    <subfield code="b">WIUC-1</subfield>
    <subfield code="c">GEN</subfield>
    <subfield code="d">2011-08-30</subfield>
    <subfield code="l">0</subfield>
    <subfield code="o">B2908 .F714</subfield>
    <subfield code="p">106/11</subfield>
    <subfield code="r">2011-08-30 00:00:00</subfield>
    <subfield code="t">5</subfield>
    <subfield code="w">2011-08-30</subfield>
    <subfield code="y">BK</subfield>
  </datafield>
</record>
